000 02520cam a22005654i 4500
003 PE-LiUPU
005 20250731173004.0
008 150616s1969 sp r 000 0 spa d
020 _a8430102841
035 _a(Sirsi) i9788430102846
040 _aPE-LiUPU
_bspa
_cPE-LiUPU
_erda
049 _aPRUA
082 0 4 _a264.1
_bB231969
_221
100 1 _aBarth, Karl,
_eautor.
_92050
245 1 3 _aLa oración; según los catecismos de la Reforma /
_cKarl Barth.
264 1 _aSalamanca :
_bEdiciones Sígueme,
_c1969.
300 _a92 páginas ;
_c19 centímetros.
336 _atext
_2rdacontent
337 _aunmediated
_2rdamedia
338 _avolume
_2rdacarrier
490 0 _aDiálogo - B ;
_v17
500 _aOtra edición 1980, serie (Pedal, 116).
505 0 _aLa oración -- El problema de la oración -- La oración, don de Dios -- La oración, acción del hombre -- Explicación de la oración dominical según los reformadores -- La invocación -- Las peticiones de la oración dominical -- Las tres primeras peticiones -- Las tres últimas peticiones.
526 _aSEG42
526 _aSEG41
526 _aSEG40
526 _aSEG39
526 _aP94
526 _aP87
526 _aP86
526 _aP85
526 _aP77
526 _aP76
526 _aP35
650 0 4 _aOración.
650 0 4 _aSentence.
910 _ajck
_bjvq
_cjck
942 _2ddc
_cBOOK
949 _a264.1 B23 1969
_wDEWEY
_c1
_i12502
_lDISCARD
_mBUL
_r0
_sY
_tBOOK
_u2015-6-16
_xTEOLOGIA
_zUNKNOWN
_0COMPRA
_o.STAFF. Colección General
949 _a264.1 B23 1969
_wDEWEY
_c2
_i18984
_lDISCARD
_mBUL
_r0
_sY
_tBOOK
_u2015-4-23
_xBIBLIOTECA
_zUNKNOWN
_0COMPRA
_o.STAFF. Colección General
949 _a264.1 B23 1969
_wDEWEY
_c3
_i14158
_lCCODEBUL1
_mBUL
_r0
_sY
_tBOOK
_u2015-4-23
_xTEOLOGIA
_zUNKNOWN
_0COMPRA
_o.STAFF. Colección General
994 _aC0
_bPEPRU
596 _a1
999 _a264.1 B23 1969
_wDEWEY
_c22502
_i12502
_lDISCARD
_mBUL
_r0
_sY
_tBOOK
_u2015-6-16
_xTEOLOGIA
_zUNKNOWN
_0COMPRA
_o.STAFF. Colección General
_d22502
999 _a264.1 B23 1969
_wDEWEY
_c2
_i18984
_lDISCARD
_mBUL
_r0
_sY
_tBOOK
_u2015-4-23
_xBIBLIOTECA
_zUNKNOWN
_0COMPRA
_o.STAFF. Colección General
999 _a264.1 B23 1969
_wDEWEY
_c3
_i14158
_e2017-6-14
_f2021-11-12
_g5
_lCCODEBUL1
_mBUL
_n3
_p8.00
_r0
_sY
_tBOOK
_u2015-4-23
_xTEOLOGIA
_zUNKNOWN
_0COMPRA
_o.STAFF. Colección Teología
980 _81
_gALBERTO SANCHEZ Responsable de Automatización